LEADER 00976nam a2200253 i 4500 001 000000176439 003 CaOOAMICUS 005 20081205000000.0 008 081205s1968 it u000 u ita u 013 $a153928 040 $aSeMil$bita 245 12$aL'Italia del dissenso /$cGiovanni Bianchi. 260 $aBrescia :$bQueriniana,$c1968. 300 $a216 p. ;$c19 cm. 490 0 $aOutsidersqueriniana ;$v2 500 $aDono di don Romano Martinelli. 650 4$aItalia - Storia - Sec. 20.$0(OLS)http://semarc/subject/254 650 4$aContestazione <1968>.$0(OLS)http://semarc/subject/55573 830 0$aOutsidersqueriniana ;$v2.$0(OLS)http://semarc/title/21269 850 $aSeMil 852 $aSeMil$W1$xVenegono$y1$m3N III 600$j127261$B127261$CSeMilBibl$Z2$F138533 $81 961 $aOmaggio: Martinelli don Romano 996 $6245$aL'Italia del dissenso$9(OLS)http://semarc/title/253251 996 $6260$aBrescia :$bQueriniana$9(OLS)http://semarc/publisher/29615 LEADER 01004nam a2200253 i 4500 001 000000072282 003 CaOOAMICUS 005 20051012000000.0 008 051012n it u000 u ita u 013 $a43454 040 $aSeMil$bita 245 10$a1. 300 $a572 p. ;$c23 cm. 490 0 $aBibliotheca Rosminiana ;$v11 600 14$aRosmini, Antonio .$0(OLS)http://semarc/subject/791 700 1 $aBeschin, Giuseppe.$0(OLS)http://semarc/name/3896 700 1 $aZucal, Silvano,$d<1956- >.$0(OLS)http://semarc/name/3830 700 1 $aValle, Alfeo.$0(OLS)http://semarc/name/6767 773 0 $tPensiero di Antonio Rosmini a due secoli dalla nascita.$dBrescia : Morcelliana, 1999.$z88-372-1714-5$w()14414 830 0$aBibliotheca Rosminiana ;$v11.$0(OLS)http://semarc/title/10058 850 $aSeMil 852 $aSeMil$W1$xVenegono$y1$m2R IV 123$j38435$B38435$CSeMilBibl$Z2$F38438 $81 961 $aAcquisto: Mescat 996 $6245$a1$9(OLS)http://semarc/title/6508